Tvárnenie zváraných polotovarov

Uložené v:
Podrobná bibliografia
Hlavný autor: Majtánová, Lucia (Autor)
Ďalší autori: Bílik, Jozef (Vedúci práce)
Médium: Rukopis Kniha
Jazyk:Slovak
Vydavateľské údaje: 2019
Predmet:
On-line prístup:http://is.stuba.sk/zp/portal_zp.pl?podrobnosti=138448
Tagy: Pridať tag
Žiadne tagy, Buďte prvý, kto otaguje tento záznam!

MARC

LEADER 00000ntm a22000003a 4500
001 stuzp72819
003 SK-STU
005 20190615212129.6
007 ta
008 150427s2015----xo-----f-mn---000-0-slo-d
040 |a STU  |b slo 
041 0 |a slo 
100 1 |a Majtánová, Lucia  |u 063000  |k Z4  |4 aut  |U MTF Materiálovotechnologická fakulta  |T MTF Ústav výrobných technológií  |X 65535  |U M3000  |Y 83  |7 65535 
242 0 1 |a Forming of welded semifinished parts  |y eng 
245 1 0 |a Tvárnenie zváraných polotovarov 
260 |c 2019 
650 4 |a na mieru šité zvárané polotovary  |2 slo 
650 4 |a tvárnenie  |2 slo 
650 4 |a tvárniteľnosť  |2 slo 
650 4 |a tailor welded blanks  |2 eng 
650 4 |a forming  |2 eng 
650 4 |a formability  |2 eng 
700 1 |a Bílik, Jozef  |u 063400  |k Z1  |4 ths  |U MTF Ústav výrobných technológií  |T MTF Katedra tvárnenia kovov a plastov  |X 1547  |U M3400  |Y 163  |7 A000001547 
856 4 |u http://is.stuba.sk/zp/portal_zp.pl?podrobnosti=138448 
996 |c M* DP-13994  |l MMSKP  |s P  |a 0  |w stuzp72819_0001